Statistics for Football : 2014-2015 record transfers

Click here to take the quiz!

General Stats

  • This quiz has been taken 1,366 times
    (1,111 since last reset)
  • The average score is 31 of 50

Answer Stats

PositionNationalityPlayerFromToTransfer fee% Correct
FWUruguayLuis SuarezLiverpoolFC Barcelona81 M€
100%
MDColombiaJames RodriguezAS MonacoReal Madrid80 M€
97%
FWChileAlexis SanchezFC BarcelonaArsenal42,5 M€
96%
MDArgentinaAngel Di MariaReal MadridManchester United75 M€
96%
DFBrazilDavid LuizChelseaPSG49,5 M€
94%
FWSpainDiego CostaAtlético MadridChelsea38 M€
89%
FWBelgiumRomelu LukakuChelseaEverton35,36 M€
89%
MDSpainCesc FabregasFC BarcelonaChelsea33 M€
86%
MDGermanyToni KroosBayern MunichReal Madrid30 M€
83%
FWIvory CoastWilfried BonySwanseaManchester City32,3 M€
82%
DFEnglandLuke ShawSouthamptonManchester United37,5 M€
81%
DFFranceEliaquim MangalaFC PortoManchester City40 M€
80%
MDSpainAnder HerreraAthletic BilbaoManchester United36 M€
79%
MDColombiaJuan CuadradoFiorentinaChelsea31 M€
77%
FWFranceAntoine GriezmannReal SociedadAtlético Madrid30 M€
75%
DFCroatiaDejan LovrenSouthamptonLiverpool25,3 M€
75%
DFMoroccoMehdi BenatiaAS RomaBayern Munich28 M€
72%
MDEnglandAdam LallanaSouthamptonLiverpool31 M€
70%
FWSpainAlvaro MorataReal MadridJuventus20 M€
70%
FWGermanyAndré SchürrleChelseaWolfsburg32 M€
69%
FWItalyMario BalotelliAC MilanLiverpool20 M€
69%
MDCroatiaIvan RakiticFC SevillaFC Barcelona18 M€
68%
DFBrazilFilipe LuisAtlético MadridChelsea20 M€
67%
FWCroatiaMario MandzukicBayern MunichAtlético Madrid22 M€
67%
FWEnglandDanny WelbeckManchester UnitedArsenal20 M€
66%
DFArgentinaMarcos RojoSporting LisbonManchester United20 M€
66%
MDNetherlandsDaley BlindAjaxManchester United17,5 M€
63%
FWSerbiaLazar MarkovicBenficaLiverpool25 M€
62%
FWItalyCiro ImmobileTorinoBorussia Dortmund19,4 M€
59%
DFSpainAlberto MorenoFC SevillaLiverpool18 M€
58%
FWSenegalSadio ManéRed Bull SalzburgSouthampton15 M€
58%
MDBrazilFernandoFC PortoManchester City15 M€
56%
GKSloveniaJan OblakBenficaAtlético Madrid16 M€
56%
DFFranceJérémy MathieuFC ValenciaFC Barcelona20 M€
54%
DFEnglandCalum ChambersSouthamptonArsenal20,23 M€
53%
FWEcuadorEnner ValenciaPachucaWest Ham15 M€
51%
DFFranceMathieu DebuchyNewcastle UnitedArsenal15 M€
49%
FWIvory CoastSeydou DoumbiaCSKA MoscowAS Roma14,4 M€
49%
DFBrazilGabriel PaulistaVillarrealArsenal15 M€
46%
FWIrelandShane LongHull CitySouthampton14,9 M€
45%
MDSpainJavi GarciaManchester CityZenith St Petersburg16,8 M€
40%
MDPortugalBernardo SilvaBenficaAS Monaco15,75 M€
36%
MDTurkeyHakan CalhanogluHamburgBayer Leverkusen14,5 M€
35%
FWArgentinaJuan IturbeFC PortoHellas Verona15 M€
33%
FWArgentinaJuan IturbeHellas VeronaAS Roma22 M€
33%
MDArgentinaEnzo PerezBenficaValencia25 M€
32%
FWItalyAlessio CerciTorinoAtlético Madrid15 M€
30%
MDPortugalAndré GomesBenficaFC Valencia15 M€
19%
FWBrazilEverton RibeiroCruzeiroAl-Ahli15 M€
5%
FWBrazilRicardo GoulartCruzeiroGuangzhou Evergrande15 M€
5%

Score Distribution

Percentile by Number Answered

Percent of People with Each Score

Your Score History

You have not taken this quiz since the last reset